Normal view
MARC view
Entry Personal Name
001 - CONTROL NUMBER
- control field: 38464
003 - CONTROL NUMBER IDENTIFIER
- control field: ARRUPE
005 - DATE AND TIME OF LATEST TRANSACTION
- control field: 20180112123452.0
008 - FIXED-LENGTH DATA ELEMENTS
- fixed length control field: 180112|| aca||aabn | a|a d
040 ## - CATALOGING SOURCE
- Original cataloging agency: ARRUPE
- Transcribing agency: ARRUPE
100 ## - HEADING--PERSONAL NAME
- Personal name: Robinson, James M.
- Fuller form of name: (James McConkey),
- Dates associated with a name: 1924-
670 ## - SOURCE DATA FOUND
- Source citation: Work cat.: (ARRUPE)0: The Nag Hammadi library in English /, c1988.